000 00449nam a2200181Ia 4500
001 20204
005 20260306172749.0
008 260306t1991||||xx |||||||||||||| ||spa||
041 _aESP
082 _a343
_bC81 Nº 6
100 _aComisión Andina de Juristas
_eAUT
245 0 _aLecturas sobre temas constitucionales 6
260 _c1991
300 _a232 páginas :
_c20 cm.
650 _aGEN
654 _aCDE
942 _cLIB
_dJUS
_fJUS
_2ddc
_n
999 _c20204
_d20204